[Event "Hamburg CupT"]
[Site "Hamburg"]
[Date "2011.02.12"]
[Round "1.3"]
[White "Retzlaff, Wolfgang"]
[Black "Beran, Andreas"]
[Result "0-1"]
[WhiteElo "1741"]
[BlackElo "1647"]
[PlyCount "120"]
[EventDate "2011.02.12"]
[EventType "team-k.o."]
[EventRounds "4"]
[EventCountry "GER"]
[SourceTitle "EXT 2022"]
[Source "ChessBase"]
[SourceDate "2021.10.06"]
[SourceVersion "1"]
[SourceVersionDate "2021.10.06"]
[SourceQuality "1"]
[WhiteTeam "Pinneberg"]
[BlackTeam "Barmbek II"]
[WhiteTeamCountry "GER"]
[BlackTeamCountry "GER"]

1. c4 Nf6 2. d4 g6 3. Nc3 d5 4. cxd5 Nxd5 5. e4 Nxc3 6. bxc3 Bg7 7. Nf3 0-0 8. Bc4 c5 9. Bb2 Bg4 10. h3 Bxf3 11. gxf3 cxd4 12. cxd4 Nc6 13. e5 Qa5+ 14. Qd2 Qa4 15. Bb3 Qa6 16. Qe2 Qa5+ 17. Qd2 Qxd2+ 18. Kxd2 e6 19. f4 Rfd8 20. Ke3 Na5 21. Rhc1 Rdc8 22. Rc3 Rxc3+ 23. Bxc3 Nxb3 24. axb3 Rc8 25. Bb4 a6 26. Kd3 Bh6 27. Bd2 Bf8 28. Rc1 Rxc1 29. Bxc1 b5 30. d5 Bc5 31. Be3 Bb4 32. d6 Kf8 33. Bb6 Ke8 34. Bd4 Kd7 35. Bc3 Bc5 36. Ke2 Kc6 37. b4 Bb6 38. Kf3 Kd7 39. Bd2 Bd8 40. Kg4 f5+ 41. Kf3 Kc6 42. Ke2 Kd5 43. Kd3 Kc6 44. f3 Bb6 45. Be3 Bd8 46. Bd4 Kd5 47. Ba7 Kc6 48. Ke2 a5 49. bxa5 Bxa5 50. Kd3 Bd8 51. Kc3 Bh4 52. Be3 Be1+ 53. Kb3 Ba5 54. Kc2 Be1 55. Bd2 Bf2 56. Kb3 Bb6 57. Kb4 Bc5+ 58. Ka5 Bf2 59. Ka6 Bc5 60. Ba5 b4 0-1